[Event "EU-Cup 38th"]
[Site "Durres"]
[Date "2023.10.01"]
[Round "1.4"]
[White "Gokerkan, Cem Kaan"]
[Black "Bjorgvinsson, Andri Freyr"]
[Result "1-0"]
[WhiteElo "2515"]
[BlackElo "2111"]
[PlyCount "85"]
[EventDate "2023.10.01"]
[EventType "team-swiss"]
[EventRounds "7"]
[EventCountry "ALB"]
[SourceTitle "EXT 2024"]
[Source "ChessBase"]
[SourceDate "2023.10.10"]
[SourceVersion "1"]
[SourceVersionDate "2023.10.10"]
[SourceQuality "1"]
[WhiteTeam "Gokturk"]
[BlackTeam "Akureyri"]
[WhiteTeamCountry "TUR"]
[BlackTeamCountry "ISL"]

1. Nf3 c5 2. g3 Nc6 3. Bg2 g6 4. c4 Bg7 5. Nc3 e5 6. d3 Nge7 7. Nd2 d6 8. Nf1 Be6 9. Ne3 0-0 10. Ned5 Qd7 11. h4 h5 12. Rb1 f5 13. Bg5 Rae8 14. a3 f4 15. gxf4 exf4 16. Nxf4 Bg4 17. f3 Be5 18. Qd2 Nd4 19. fxg4 Qxg4 20. 0-0 Nb3 21. Qd1 Bxf4 22. Bxf4 Rxf4 23. Qxb3 Rxf1+ 24. Rxf1 Qd4+ 25. Rf2 Rf8 26. Ne4 Rxf2 27. Nxf2 Qxh4 28. Qc3 b6 29. e4 Nc6 30. Qd2 Nd4 31. Qe3 Qf6 32. b4 g5 33. bxc5 bxc5 34. e5 dxe5 35. Ne4 Qf4 36. Qxf4 Ne2+ 37. Kf2 Nxf4 38. Nxg5 Nxd3+ 39. Ke3 Nf4 40. Bb7 Kg7 41. Ne4 Ne6 42. Bc8 Nd4 43. Kd3 1-0

[Event "Kragero op"]
[Site "Kragero"]
[Date "2022.02.23"]
[Round "1"]
[White "Bjorgvinsson, Andri Freyr"]
[Black "Chatalbashev, Boris"]
[Result "0-1"]
[WhiteElo "2096"]
[BlackElo "2515"]
[PlyCount "62"]
[EventDate "2022.02.23"]
[EventType "swiss"]
[EventRounds "9"]
[EventCountry "NOR"]
[SourceTitle "CBM 207 Extra"]
[Source "ChessBase"]
[SourceDate "2022.05.31"]
[SourceVersion "1"]
[SourceVersionDate "2022.05.31"]
[SourceQuality "1"]

1. d4 Nf6 2. c4 c5 3. d5 g6 4. g3 b5 5. cxb5 a6 6. bxa6 Bg7 7. Bg2 d6 8. Nc3 0-0 9. Nf3 Nbd7 10. 0-0 Nb6 11. a4 Bxa6 12. Rb1 Bc4 13. Nd2 Bxd5 14. Nxd5 Nfxd5 15. Nc4 e6 16. Nxb6 Qxb6 17. Bxd5 exd5 18. Qxd5 Rxa4 19. Rd1 Be5 20. Be3 Rb8 21. f4 Bf6 22. Qxd6 Bd4 23. Qe7 Qb7 24. Qxb7 Bxe3+ 25. Kg2 Rxb7 26. Rd3 Bd4 27. b3 Ra2 28. Kf3 Rc2 29. e3 Bf6 30. h4 c4 31. Rd6 Bc3 0-1

[Event "ISL-ch Online Rapid"]
[Site "Tornelo INT"]
[Date "2020.12.26"]
[Round "6"]
[White "Thorgeirsson, Jon Kristinn"]
[Black "Bjorgvinsson, Andri Freyr"]
[Result "1-0"]
[WhiteElo "2255"]
[BlackElo "2097"]
[PlyCount "71"]
[EventDate "2020.12.26"]
[EventType "tourn (rapid)"]
[EventRounds "7"]
[EventCountry "ISL"]
[SourceTitle "CBM 199 Extra"]
[Source "ChessBase"]
[SourceDate "2021.01.31"]
[SourceVersion "1"]
[SourceVersionDate "2021.01.31"]
[SourceQuality "1"]

1. d4 d5 2. Nf3 c6 3. b3 Nf6 4. Bb2 Bf5 5. c4 e6 6. e3 h6 7. Bd3 Bxd3 8. Qxd3 Nbd7 9. 0-0 Bd6 10. Nbd2 0-0 11. e4 dxe4 12. Nxe4 Nxe4 13. Qxe4 Nf6 14. Qe2 a5 15. a4 c5 16. Rad1 Qe7 17. Rfe1 cxd4 18. Nxd4 Bb4 19. Nf5 exf5 20. Qxe7 Bxe7 21. Rxe7 Ne4 22. Rd5 Rfd8 23. Rxb7 Rxd5 24. cxd5 Rc8 25. f3 Nc5 26. Rb5 Nd3 27. Ba3 Re8 28. h4 g5 29. hxg5 hxg5 30. d6 g4 31. fxg4 f4 32. Kh2 Ne5 33. Kh3 Kg7 34. Rxe5 Rxe5 35. Bb2 f6 36. Bxe5 1-0

[Event "ISL-chT2 1921"]
[Site "Reykjavik"]
[Date "2019.10.05"]
[Round "2.1"]
[White "Hauksdottir, Hrund"]
[Black "Bjorgvinsson, Andri Freyr"]
[Result "0-1"]
[WhiteElo "1753"]
[BlackElo "2056"]
[PlyCount "54"]
[EventDate "2019.10.04"]
[EventType "team-tourn"]
[EventRounds "7"]
[EventCountry "ISL"]
[SourceTitle "EXT 2024"]
[Source "ChessBase"]
[SourceDate "2023.10.10"]
[SourceVersion "1"]
[SourceVersionDate "2023.10.10"]
[SourceQuality "1"]
[WhiteTeam "Fjolnis II"]
[BlackTeam "Akureyri II"]
[WhiteTeamCountry "ISL"]
[BlackTeamCountry "ISL"]

1. e4 c5 2. Nf3 e6 3. d4 cxd4 4. Nxd4 Nc6 5. c4 Nf6 6. Nc3 Bb4 7. Nxc6 bxc6 8. Bd3 e5 9. 0-0 0-0 10. Qc2 Bc5 11. a3 a5 12. Rb1 Rb8 13. Na4 Bd4 14. c5 d6 15. cxd6 Qxd6 16. Bd2 Be6 17. b4 Rfd8 18. Bg5 axb4 19. Bxf6 b3 20. Qc1 gxf6 21. Bc4 Bxc4 22. Qxc4 Qe6 23. Rfc1 Qxc4 24. Rxc4 b2 25. g3 Rb3 26. Rb4 Rxb4 27. axb4 Rb8 0-1

[Event "Reykjavik op"]
[Site "Reykjavik"]
[Date "2019.04.11"]
[Round "5"]
[White "Bjornsson, Sigurbjorn"]
[Black "Bjorgvinsson, Andri Freyr"]
[Result "1-0"]
[WhiteElo "2312"]
[BlackElo "2058"]
[PlyCount "75"]
[EventDate "2019.04.08"]
[EventType "swiss"]
[EventRounds "9"]
[EventCountry "ISL"]
[SourceTitle "CBM 189 Extra"]
[Source "ChessBase"]
[SourceDate "2019.06.03"]
[SourceVersion "1"]
[SourceVersionDate "2019.06.03"]
[SourceQuality "1"]

1. e4 c5 2. Nf3 e6 3. d4 cxd4 4. Nxd4 Nc6 5. Nc3 Qc7 6. g3 a6 7. Bg2 Nf6 8. 0-0 Nxd4 9. Qxd4 Bc5 10. Bf4 d6 11. Qd2 h6 12. Rad1 e5 13. Be3 Be6 14. Bxc5 dxc5 15. Nd5 Bxd5 16. exd5 Qd6 17. c4 0-0 18. Rfe1 Rab8 19. Re2 b5 20. Rde1 Rfe8 21. b3 bxc4 22. bxc4 Rb4 23. Qc3 Nd7 24. Bh3 f6 25. f4 Nb6 26. Be6+ Kh8 27. fxe5 fxe5 28. Rxe5 Rxc4 29. Qd3 Rf8 30. Rf5 Re8 31. Rf7 Rd4 32. Qg6 Rg8 33. Rxg7 Rxg7 34. Qe8+ Kh7 35. Bf5+ Qg6 36. Bxg6+ Rxg6 37. Qf7+ Rg7 38. Qf5+ 1-0

[Event "ISL-chT2 1819"]
[Site "Reykjavik"]
[Date "2019.03.01"]
[Round "5.2"]
[White "Bjorgvinsson, Andri Freyr"]
[Black "Fridgeirsson, Dagur Andri"]
[Result "1-0"]
[WhiteElo "2069"]
[BlackElo "1953"]
[PlyCount "89"]
[EventDate "2018.11.09"]
[EventType "team-tourn"]
[EventRounds "7"]
[EventCountry "ISL"]
[SourceTitle "CBM 189 Extra"]
[Source "ChessBase"]
[SourceDate "2019.06.03"]
[SourceVersion "1"]
[SourceVersionDate "2019.06.03"]
[SourceQuality "1"]
[WhiteTeam "Skakfelag Akureyrar II"]
[BlackTeam "Skakdeild Fjolnis II"]
[WhiteTeamCountry "ISL"]
[BlackTeamCountry "ISL"]

1. d4 c5 2. d5 d6 3. e4 Nf6 4. Nc3 g6 5. Bb5+ Bd7 6. a4 Bg7 7. Nf3 a6 8. Be2 0-0 9. 0-0 e5 10. Nd2 Ne8 11. Nc4 b6 12. f4 f5 13. Be3 fxe4 14. Nxe4 Bf5 15. Ng5 e4 16. g4 h6 17. Ne6 Bxe6 18. dxe6 Nc6 19. Qd5 Ne7 20. Qb7 Rb8 21. Qd7 b5 22. axb5 axb5 23. Qxd8 Rxd8 24. Nb6 Rf6 25. Bxb5 Rxe6 26. f5 gxf5 27. gxf5 Rf6 28. Bd7 Nc7 29. Ra7 Ncd5 30. Nxd5 Nxd5 31. Bf2 Nf4 32. Bh4 Nh3+ 33. Kg2 Ng5 34. Be6+ Kh8 35. Rfa1 e3 36. R1a3 Rb8 37. Bxg5 hxg5 38. Rxe3 Rh6 39. b3 c4 40. Rh3 Rxh3 41. Kxh3 c3 42. Kg4 Bd4 43. Rd7 Rb4 44. Kh5 Be5 45. Kg6 1-0

[Event "ISL-chT 1718"]
[Site "Reykjavik"]
[Date "2018.03.03"]
[Round "9.4"]
[White "Ornolfsson, Magnus P"]
[Black "Bjorgvinsson, Andri Freyr"]
[Result "1/2-1/2"]
[WhiteElo "2248"]
[BlackElo "2035"]
[PlyCount "151"]
[EventDate "2017.10.19"]
[EventType "team-tourn"]
[EventRounds "9"]
[EventCountry "ISL"]
[SourceTitle "EXT 2019"]
[Source "ChessBase"]
[SourceDate "2018.10.10"]
[SourceVersion "1"]
[SourceVersionDate "2018.10.10"]
[SourceQuality "1"]
[WhiteTeam "Bolungarvik"]
[BlackTeam "Akureyri II"]
[WhiteTeamCountry "ISL"]
[BlackTeamCountry "ISL"]

1. e4 c5 2. Nf3 e6 3. d4 cxd4 4. Nxd4 Nc6 5. Nxc6 bxc6 6. Bd3 d5 7. 0-0 Nf6 8. e5 Nd7 9. f4 Qb6+ 10. Kh1 Ba6 11. Nc3 g6 12. b3 Bxd3 13. Qxd3 Bg7 14. Ba3 c5 15. Nb5 0-0 16. c4 d4 17. b4 cxb4 18. Bxb4 Rfd8 19. Bd6 Rac8 20. Rab1 Qa6 21. a3 f6 22. Rfe1 fxe5 23. fxe5 Nb6 24. c5 Na4 25. Qc4 Nxc5 26. Bxc5 Rd5 27. Qb4 Rcxc5 28. Nxd4 Bxe5 29. Nb3 Rb5 30. Qe7 Qd6 31. Qe8+ Kg7 32. Rf1 Bf6 33. h3 Qd7 34. Qxd7+ Rxd7 35. a4 Rbd5 36. Rfc1 Rb7 37. Nd2 Rxb1 38. Nxb1 Be5 39. g4 Rd3 40. Kg2 Rg3+ 41. Kf2 Rxh3 42. Rc6 Bd4+ 43. Ke2 e5 44. Nd2 Re3+ 45. Kd1 Rc3 46. Rd6 Rg3 47. Rd7+ Kf8 48. Rxh7 Rxg4 49. Ke2 Bb6 50. Nf3 Rxa4 51. Ng5 e4 52. Ne6+ Ke8 53. Nc7+ Kd8 54. Nd5 Ra2+ 55. Kf1 e3 56. Nxb6 axb6 57. Rb7 Rb2 58. Rg7 b5 59. Rxg6 Kd7 60. Ke1 b4 61. Rb6 Kc7 62. Rb8 Kd6 63. Re8 Kd5 64. Rxe3 Kd4 65. Rh3 Rc2 66. Kd1 Rc6 67. Rg3 Kd5 68. Rg4 Kc5 69. Kc2 Kb5+ 70. Kb2 Rh6 71. Rg8 Rh2+ 72. Kb3 Rh3+ 73. Kb2 Rf3 74. Rb8+ Kc4 75. Rc8+ Kd4 76. Rb8 1/2-1/2

[Event "ISL-chT 1718"]
[Site "Reykjavik"]
[Date "2018.03.02"]
[Round "7.5"]
[White "Bjorgvinsson, Andri Freyr"]
[Black "Johannesson, Ingvar Thor"]
[Result "0-1"]
[WhiteElo "2035"]
[BlackElo "2365"]
[PlyCount "76"]
[EventDate "2017.10.19"]
[EventType "team-tourn"]
[EventRounds "9"]
[EventCountry "ISL"]
[SourceTitle "EXT 2019"]
[Source "ChessBase"]
[SourceDate "2018.10.10"]
[SourceVersion "1"]
[SourceVersionDate "2018.10.10"]
[SourceQuality "1"]
[WhiteTeam "Akureyri II"]
[BlackTeam "Huginn"]
[WhiteTeamCountry "ISL"]
[BlackTeamCountry "ISL"]

1. d4 Nf6 2. Nf3 g6 3. g3 Bg7 4. Bg2 0-0 5. c4 d5 6. cxd5 Nxd5 7. 0-0 Nb6 8. Nc3 Nc6 9. d5 Na5 10. e4 c6 11. Be3 cxd5 12. Bxb6 Qxb6 13. Nxd5 Qd8 14. Qe2 e6 15. Ne3 Nc6 16. Rfd1 Qe7 17. Rab1 Bd7 18. a3 Rfd8 19. b4 Be8 20. Nc4 e5 21. b5 Nd4 22. Nxd4 exd4 23. Qd3 Rac8 24. a4 Rc5 25. Rbc1 Qc7 26. Bf1 a6 27. b6 Qe7 28. Qa3 Bf8 29. Bd3 Rdc8 30. Qb3 Qd7 31. Ra1 h5 32. Re1 h4 33. Ra2 hxg3 34. fxg3 Bh6 35. e5 Qe6 36. Qb4 Rxc4 37. Bxc4 Rxc4 38. Qb1 Be3+ 0-1

[Event "Uppsala Young Champions"]
[Site "Uppsala"]
[Date "2017.11.01"]
[Round "9"]
[White "Bjorgvinsson, Andri Freyr"]
[Black "Bit Narva, David"]
[Result "1-0"]
[WhiteElo "1937"]
[BlackElo "2023"]
[PlyCount "67"]
[EventDate "2017.10.27"]
[EventType "swiss"]
[EventRounds "9"]
[EventCountry "SWE"]
[SourceTitle "CBM 181 Extra"]
[Source "ChessBase"]
[SourceDate "2017.12.12"]
[SourceVersion "1"]
[SourceVersionDate "2017.12.12"]
[SourceQuality "1"]

1. c4 d6 2. g3 e5 3. Nc3 f5 4. Bg2 Nf6 5. d3 Be7 6. e4 c6 7. Nge2 0-0 8. 0-0 a5 9. d4 exd4 10. Nxd4 fxe4 11. Nxe4 Na6 12. Nxf6+ Bxf6 13. Be3 Nc5 14. b3 Qe8 15. Rc1 Qg6 16. Ne2 Nd3 17. Nf4 Nxf4 18. Bxf4 Bb2 19. Rc2 Rxf4 20. gxf4 Bh3 21. f3 Ba3 22. Kh1 Bf5 23. Rd2 Re8 24. Rff2 Bb4 25. Rde2 Rd8 26. Bf1 Qf6 27. Rg2 d5 28. cxd5 Rxd5 29. Qc1 Qd4 30. Re5 Rxe5 31. fxe5 Qxe5 32. Bc4+ Kf8 33. Re2 Qc3 34. Qf4 1-0

[Event "Uppsala Young Champions"]
[Site "Uppsala"]
[Date "2017.11.01"]
[Round "8"]
[White "Bjorkman, Filip"]
[Black "Bjorgvinsson, Andri Freyr"]
[Result "0-1"]
[WhiteElo "1912"]
[BlackElo "1937"]
[PlyCount "160"]
[EventDate "2017.10.27"]
[EventType "swiss"]
[EventRounds "9"]
[EventCountry "SWE"]
[SourceTitle "CBM 181 Extra"]
[Source "ChessBase"]
[SourceDate "2017.12.12"]
[SourceVersion "1"]
[SourceVersionDate "2017.12.12"]
[SourceQuality "1"]

1. e4 c5 2. Be2 e6 3. f4 Nc6 4. Nf3 Nf6 5. d3 d5 6. e5 Nd7 7. c3 Be7 8. 0-0 0-0 9. d4 Qb6 10. Kh1 f6 11. a3 a5 12. Qa4 Qc7 13. Be3 b6 14. b4 Bb7 15. b5 Nd8 16. h3 Nf7 17. Qd1 Qd8 18. Qd2 f5 19. g4 g6 20. Rg1 Nh6 21. Ra2 Bc8 22. Rc2 Kh8 23. Rcc1 a4 24. Rg2 Ra5 25. g5 Ng8 26. Rcg1 c4 27. h4 Rxb5 28. h5 Rf7 29. Rh2 Kg7 30. Nh4 Nf8 31. Qe1 Rb3 32. Qg3 Bxa3 33. Qh3 Rc7 34. hxg6 hxg6 35. Nf3 Bb2 36. Qh8+ Kf7 37. Nh4 Bxc3 38. Nxg6 Nxg6 39. Bh5 a3 40. Bxg6+ Kf8 41. Bh7 Rg7 42. Bxg8 Rxg8 43. g6 Qe7 44. g7+ Qxg7 45. Qxg7+ Rxg7 46. Rh8+ Kf7 47. Nxc3 Rxc3 48. Rxc8 Rh7+ 49. Kg2 Rg7+ 50. Kh1 Rxg1+ 51. Bxg1 a2 52. Ra8 Rc2 53. Be3 Re2 54. Bc1 Re1+ 55. Kg2 Rxc1 56. Rxa2 c3 57. Kf2 Rb1 58. Ke3 b5 59. Kd3 b4 60. Ra7+ Kg6 61. Re7 Rd1+ 62. Kc2 Rxd4 63. Rxe6+ Kh5 64. Rd6 Rxf4 65. Rxd5 Re4 66. e6 Kg5 67. Rb5 Kf6 68. e7 Kxe7 69. Rxf5 Kd6 70. Rb5 Kc6 71. Rb8 Re2+ 72. Kd1 Rb2 73. Kc1 Kc5 74. Rc8+ Kb5 75. Rh8 Kc4 76. Rh4+ Kb3 77. Rh3 Rg2 78. Kd1 Kb2 79. Ke1 c2 80. Kf1 Rd2 0-1

[Event "Uppsala Young Champions"]
[Site "Uppsala"]
[Date "2017.10.31"]
[Round "7"]
[White "Bjorgvinsson, Andri Freyr"]
[Black "Storme, Isak"]
[Result "1/2-1/2"]
[WhiteElo "1937"]
[BlackElo "2144"]
[PlyCount "114"]
[EventDate "2017.10.27"]
[EventType "swiss"]
[EventRounds "9"]
[EventCountry "SWE"]
[SourceTitle "CBM 181 Extra"]
[Source "ChessBase"]
[SourceDate "2017.12.12"]
[SourceVersion "1"]
[SourceVersionDate "2017.12.12"]
[SourceQuality "1"]

1. Nf3 d5 2. c4 dxc4 3. g3 Nc6 4. Na3 e5 5. Qc2 Nf6 6. Bg2 Bxa3 7. bxa3 0-0 8. Bb2 Qd6 9. Qxc4 Be6 10. Qh4 Bd5 11. d3 Nd4 12. Bxd4 exd4 13. Qxd4 Qxa3 14. 0-0 Rad8 15. Qf4 c5 16. Nd2 Rfe8 17. Rfe1 Bxg2 18. Kxg2 Nd5 19. Qf3 Nb4 20. Nc4 Qa6 21. Rec1 Nc6 22. Qh5 Nd4 23. e4 Qf6 24. Ne3 Re5 25. Qd1 Qc6 26. f4 Ree8 27. Qh5 f5 28. Nxf5 Nxf5 29. Qxf5 Rxd3 30. Rxc5 Rd2+ 31. Kh3 Qh6+ 32. Qh5 Qxh5+ 33. Rxh5 Rxe4 34. Ra5 a6 35. Rb1 Ree2 36. Rxb7 Rxh2+ 37. Kg4 Rxa2 38. Rc5 h5+ 39. Rxh5 Rxh5 40. Kxh5 Kh7 41. g4 Rh2+ 42. Kg5 Ra2 43. f5 Ra5 44. Ra7 Rc5 45. Rxa6 Rb5 46. Ra7 Rb6 47. Kh5 Rh6+ 48. Kg5 Rb6 49. Ra8 Rc6 50. Kh4 Rc4 51. Kh5 Rc5 52. Ra6 Rb5 53. Kg5 Rc5 54. Ra7 Rc6 55. Re7 Ra6 56. Re6 Ra5 57. Kh4 Rb5 1/2-1/2

[Event "Uppsala Young Champions"]
[Site "Uppsala"]
[Date "2017.10.30"]
[Round "6"]
[White "Buchert, Vitus"]
[Black "Bjorgvinsson, Andri Freyr"]
[Result "0-1"]
[WhiteElo "1935"]
[BlackElo "1937"]
[PlyCount "74"]
[EventDate "2017.10.27"]
[EventType "swiss"]
[EventRounds "9"]
[EventCountry "SWE"]
[SourceTitle "CBM 181 Extra"]
[Source "ChessBase"]
[SourceDate "2017.12.12"]
[SourceVersion "1"]
[SourceVersionDate "2017.12.12"]
[SourceQuality "1"]

1. e4 c5 2. Nc3 e6 3. f4 Nc6 4. Nf3 a6 5. d3 Nf6 6. g3 d5 7. e5 Nd7 8. Bg2 Be7 9. 0-0 b5 10. Bd2 b4 11. Ne2 a5 12. g4 Qc7 13. Ng3 Ba6 14. Re1 0-0 15. Qe2 c4 16. Rad1 b3 17. axb3 cxd3 18. cxd3 Rab8 19. Be3 Rxb3 20. Qc2 Qb7 21. Nd4 Nxd4 22. Bxd4 Rc8 23. Bc3 a4 24. Ne2 Qb6+ 25. Kh1 Bb4 26. Ra1 Bxc3 27. bxc3 Nc5 28. Nc1 Rb2 29. Qd1 Rb1 30. Rxb1 Qxb1 31. Bf1 a3 32. d4 Bxf1 33. Rxf1 Ne4 34. Qa4 Qb2 35. Qa6 Qxc3 36. Na2 Qc4 37. Qxa3 Qxf1# 0-1

[Event "Uppsala Young Champions"]
[Site "Uppsala"]
[Date "2017.10.28"]
[Round "3"]
[White "Skaale, Janus"]
[Black "Bjorgvinsson, Andri Freyr"]
[Result "0-1"]
[WhiteElo "1897"]
[BlackElo "1937"]
[PlyCount "62"]
[EventDate "2017.10.27"]
[EventType "swiss"]
[EventRounds "9"]
[EventCountry "SWE"]
[SourceTitle "CBM 181 Extra"]
[Source "ChessBase"]
[SourceDate "2017.12.12"]
[SourceVersion "1"]
[SourceVersionDate "2017.12.12"]
[SourceQuality "1"]

1. e4 c5 2. Nf3 e6 3. d4 cxd4 4. Nxd4 Nc6 5. Nc3 Qc7 6. Be3 a6 7. Qd2 Nf6 8. f3 b5 9. Nb3 Bb7 10. 0-0-0 Bb4 11. a3 Be7 12. Be2 Rc8 13. g4 Ne5 14. Bd4 Nc4 15. Bxc4 bxc4 16. Bxf6 Bxf6 17. Nd4 0-0 18. Nde2 Rfd8 19. g5 Be7 20. Qe3 Bc5 21. Qd2 d5 22. exd5 Bxd5 23. Nxd5 Rxd5 24. Qc3 Rxg5 25. Kb1 Be7 26. Qe3 Re5 27. Qf2 Rb8 28. Ka1 Bxa3 29. bxa3 Qa5 30. Ka2 Qxa3+ 31. Kxa3 Ra5# 0-1

[Event "ISL-chT 1718"]
[Site "Reykjavik"]
[Date "2017.10.19"]
[Round "1.3"]
[White "Bjorgvinsson, Andri Freyr"]
[Black "Loftsson, Arnaldur"]
[Result "1-0"]
[WhiteElo "1937"]
[BlackElo "1972"]
[PlyCount "123"]
[EventDate "2017.10.19"]
[EventType "team-tourn"]
[EventRounds "9"]
[EventCountry "ISL"]
[SourceTitle "CBM 181 Extra"]
[Source "ChessBase"]
[SourceDate "2017.12.12"]
[SourceVersion "1"]
[SourceVersionDate "2017.12.12"]
[SourceQuality "1"]
[WhiteTeam "Akureyri II"]
[BlackTeam "Huginn II"]
[WhiteTeamCountry "ISL"]
[BlackTeamCountry "ISL"]

1. c4 Nf6 2. g3 g6 3. Bg2 Bg7 4. Nc3 0-0 5. e4 d6 6. Nge2 e5 7. 0-0 Be6 8. d3 Qd7 9. f4 c6 10. Bd2 Bh3 11. f5 Bxg2 12. Kxg2 d5 13. cxd5 cxd5 14. Bg5 dxe4 15. dxe4 Qxd1 16. Raxd1 Nbd7 17. Rd6 h6 18. Be3 Rfc8 19. fxg6 fxg6 20. h3 a6 21. g4 Rc6 22. Rxc6 bxc6 23. Rd1 Kf7 24. Nc1 Bf8 25. Kf3 Ke6 26. Nb3 a5 27. Na4 g5 28. Rc1 Ra6 29. Bd2 Kf7 30. Nxa5 c5 31. b3 Ne8 32. Nc4 Nc7 33. Bc3 Bg7 34. Rd1 Ke7 35. Rxd7+ Kxd7 36. Nxc5+ Ke7 37. Nxa6 Nxa6 38. Bxe5 Bf8 39. Bd6+ Kf7 40. Bxf8 Kxf8 41. Ke3 Ke7 42. Kd4 Ke6 43. a3 Nc7 44. Kc5 Kd7 45. b4 Ne6+ 46. Kb6 Nf4 47. Ne3 Nxh3 48. Nf5 Nf2 49. Nxh6 Nxe4 50. a4 Nc3 51. a5 Nd5+ 52. Kc5 Ne7 53. Nf7 Nc6 54. Nxg5 Ne5 55. a6 Kc8 56. b5 Nxg4 57. b6 Ne5 58. Ne6 Nd7+ 59. Kb5 Kb8 60. Nc5 Ne5 61. a7+ Ka8 62. Ka6 1-0

[Event "ISL-chT2 1617"]
[Site "Reykjavik"]
[Date "2016.10.02"]
[Round "4.3"]
[White "Bjorgvinsson, Andri Freyr"]
[Black "Finnsson, Johann Arnar"]
[Result "1/2-1/2"]
[WhiteElo "1940"]
[BlackElo "1619"]
[PlyCount "78"]
[EventDate "2016.09.30"]
[EventType "team-tourn"]
[EventRounds "7"]
[EventCountry "ISL"]
[SourceTitle "EXT 2018"]
[Source "ChessBase"]
[SourceDate "2017.10.13"]
[SourceVersion "1"]
[SourceVersionDate "2017.10.13"]
[SourceQuality "1"]
[WhiteTeam "Akureyri II"]
[BlackTeam "Fjolnis II"]
[WhiteTeamCountry "ISL"]
[BlackTeamCountry "ISL"]

1. c4 e5 2. g3 g6 3. Nc3 Nf6 4. Bg2 c5 5. d3 Bg7 6. Nf3 d6 7. 0-0 0-0 8. a3 a5 9. Bg5 h6 10. Bxf6 Qxf6 11. Nd5 Qd8 12. Rb1 Be6 13. Ne1 Nc6 14. Nc2 Ne7 15. Nce3 Nxd5 16. Nxd5 Bxd5 17. Bxd5 Rb8 18. Qa4 Kh7 19. b4 axb4 20. axb4 b6 21. bxc5 bxc5 22. Rb5 f5 23. Rfb1 Qc7 24. Rb7 Rxb7 25. Rxb7 Qd8 26. Qc6 Qf6 27. Rd7 f4 28. Rxd6 Qg5 29. Rxg6 Qxg6 30. Be4 Rf5 31. Qxg6+ Kxg6 32. g4 Kg5 33. Bxf5 Bf6 34. Kg2 Bd8 35. Kf3 Ba5 36. h3 Bc3 37. Ke4 Be1 38. Kxe5 Bxf2 39. h4+ Bxh4 1/2-1/2

[Event "ISL-chT2 1617"]
[Site "Reykjavik"]
[Date "2016.10.01"]
[Round "2.4"]
[White "Bjorgvinsson, Andri Freyr"]
[Black "Magnusson, Audbergur"]
[Result "1-0"]
[WhiteElo "1940"]
[BlackElo "1682"]
[PlyCount "83"]
[EventDate "2016.09.30"]
[EventType "team-tourn"]
[EventRounds "7"]
[EventCountry "ISL"]
[SourceTitle "EXT 2018"]
[Source "ChessBase"]
[SourceDate "2017.10.13"]
[SourceVersion "1"]
[SourceVersionDate "2017.10.13"]
[SourceQuality "1"]
[WhiteTeam "Akureyri II"]
[BlackTeam "Hauka"]
[WhiteTeamCountry "ISL"]
[BlackTeamCountry "ISL"]

1. c4 c6 2. g3 d5 3. Nf3 Nf6 4. Bg2 Bf5 5. 0-0 e6 6. cxd5 exd5 7. d3 Be7 8. Qa4 0-0 9. b4 Nbd7 10. Bd2 Re8 11. Qb3 Bd6 12. Nc3 Ne5 13. Nd4 Bg6 14. h3 Qb6 15. Na4 Qc7 16. Rac1 a6 17. Bg5 Qe7 18. Nb6 Rad8 19. a3 h6 20. Bd2 Ned7 21. Nxd7 Nxd7 22. Rfe1 Be5 23. Bc3 Nf6 24. a4 Qd7 25. Bb2 Qe7 26. Rc2 Nh5 27. e3 Rc8 28. Ne2 Bxb2 29. Rxb2 Nf6 30. Nf4 Bf5 31. b5 Red8 32. bxc6 bxc6 33. e4 dxe4 34. dxe4 Nxe4 35. Bxe4 Bxe4 36. Rbe2 Rd4 37. Qc3 Rcd8 38. f3 Qg5 39. Rxe4 Qxg3+ 40. Ng2 Kh7 41. Rxd4 Rb8 42. Rg4 1-0

[Event "ISL-chT 1617"]
[Site "Reykjavik"]
[Date "2016.09.29"]
[Round "1.1"]
[White "Johannesson, Ingvar Thor"]
[Black "Bjorgvinsson, Andri Freyr"]
[Result "1-0"]
[WhiteElo "2367"]
[BlackElo "1940"]
[PlyCount "83"]
[EventDate "2016.09.29"]
[EventType "team-tourn"]
[EventRounds "9"]
[EventCountry "ISL"]
[SourceTitle "EXT 2018"]
[Source "ChessBase"]
[SourceDate "2017.10.13"]
[SourceVersion "1"]
[SourceVersionDate "2017.10.13"]
[SourceQuality "1"]
[WhiteTeam "Huginn"]
[BlackTeam "Akureyri"]
[WhiteTeamCountry "ISL"]
[BlackTeamCountry "ISL"]

1. c4 Nf6 2. g3 e5 3. Bg2 Nc6 4. Nc3 Bc5 5. Nf3 d6 6. 0-0 0-0 7. d3 h6 8. a3 a5 9. b3 Bd7 10. h3 Ne7 11. e3 c6 12. Bb2 Ng6 13. d4 Bb6 14. Qc2 Re8 15. dxe5 dxe5 16. Na4 Bc7 17. c5 Qc8 18. Kh2 Bf5 19. Qc4 Be6 20. Qc3 Nd5 21. Qc2 Qd8 22. e4 Nf6 23. Nd2 h5 24. Nc4 Bxc4 25. Qxc4 Qe7 26. Rad1 Rad8 27. Bc3 h4 28. Bf3 Nh7 29. Bg4 Qf6 30. Kg2 Qg5 31. Qe2 Nf6 32. Bd2 Nf4+ 33. gxf4 exf4 34. f3 Nd5 35. Kh1 f5 36. Qc4 fxg4 37. hxg4 h3 38. exd5 cxd5 39. Qd3 Qh4 40. Be1 Qh6 41. Bf2 h2 42. Nc3 1-0

[Event "Reykjavik op"]
[Site "Reykjavik"]
[Date "2016.03.15"]
[Round "9"]
[White "Haraldsson, Oskar"]
[Black "Bjorgvinsson, Andri Freyr"]
[Result "0-1"]
[WhiteElo "1765"]
[BlackElo "1937"]
[PlyCount "88"]
[EventDate "2016.03.08"]
[EventType "swiss"]
[EventRounds "10"]
[EventCountry "ISL"]
[SourceTitle "CBM 171 Extra"]
[Source "ChessBase"]
[SourceDate "2016.04.26"]
[SourceVersion "1"]
[SourceVersionDate "2016.04.26"]
[SourceQuality "1"]

1. e4 c5 2. Nf3 e6 3. d4 cxd4 4. Nxd4 Nc6 5. Nc3 Qc7 6. g3 a6 7. Bg2 Nf6 8. 0-0 Be7 9. Nxc6 bxc6 10. Re1 e5 11. Na4 d6 12. h3 Be6 13. Qe2 0-0 14. c4 Nd7 15. g4 Qa5 16. Nc3 Qb4 17. Qc2 Bxc4 18. Bd2 Qb7 19. b3 Be6 20. Red1 Rac8 21. Be3 Nb6 22. f4 f6 23. Qf2 Nd7 24. f5 Bf7 25. h4 h6 26. Bf3 c5 27. Qd2 c4 28. b4 Kh7 29. a3 Rg8 30. Kf2 Rcd8 31. g5 g6 32. h5 fxg5 33. hxg6+ Bxg6 34. fxg6+ Rxg6 35. Nd5 Nf6 36. Rac1 g4 37. Nxe7 gxf3 38. Nxg6 Nxe4+ 39. Kf1 Nxd2+ 40. Rxd2 Kxg6 41. Kf2 Qe4 42. Rg1+ Kf5 43. Rg3 c3 44. Rd1 Qc2+ 0-1

[Event "Reykjavik op"]
[Site "Reykjavik"]
[Date "2016.03.14"]
[Round "8"]
[White "Berg, Bo1111"]
[Black "Bjorgvinsson, Andri Freyr"]
[Result "0-1"]
[WhiteElo "1664"]
[BlackElo "1937"]
[PlyCount "50"]
[EventDate "2016.03.08"]
[EventType "swiss"]
[EventRounds "10"]
[EventCountry "ISL"]
[SourceTitle "CBM 171 Extra"]
[Source "ChessBase"]
[SourceDate "2016.04.26"]
[SourceVersion "1"]
[SourceVersionDate "2016.04.26"]
[SourceQuality "1"]

1. d4 Nf6 2. Nc3 d5 3. Bg5 Bf5 4. Bxf6 gxf6 5. e3 e6 6. Bd3 Bg6 7. h4 c6 8. h5 Bxd3 9. cxd3 Bd6 10. Qb3 Qc7 11. Rc1 a6 12. Nge2 Nd7 13. Kd2 f5 14. g3 Nf6 15. Nf4 h6 16. a3 0-0 17. Nce2 b6 18. Qc2 Rfc8 19. Rcf1 c5 20. Rc1 c4 21. Nc3 b5 22. b4 cxb3 23. Qxb3 Qa5 24. Ke2 Qxa3 25. Qxa3 Bxa3 0-1